[Event "IECC CL6-2021.03 email"]
[Site "IECC email"]
[Date "2021.11.03"]
[Round "?"]
[White "Carter, Tony"]
[Black "Nilsson, Bjoern"]
[Result "1-0"]
[WhiteElo "1074"]
[BlackElo "808"]
[PlyCount "33"]
[EventDate "2021.??.??"]
[EventType "tourn (corr)"]
[EventRounds "4"]
[SourceTitle "Corr 2024"]
[Source "ChessBase"]
[SourceDate "2023.10.19"]
[SourceVersion "1"]
[SourceVersionDate "2023.10.19"]
[SourceQuality "1"]
[WhiteTeam "England"]
[BlackTeam "Schweden"]
[WhiteTeamCountry "ENG"]
[BlackTeamCountry "SWE"]

1. e4 d5 2. exd5 Qxd5 3. Nc3 Qd7 4. d4 Nf6 5. Nf3 e6 6. Bc4 a6 7. 0-0 Bd6 8. Bg5 Ng8 9. Qe2 c6 10. Rae1 b6 11. Ne5 Bxe5 12. Qxe5 f6 13. Qg3 fxg5 14. Bxe6 Qb7 15. Bxg8+ Kf8 16. Qf3+ Kxg8 17. Re8# 1-0

[Event "IECC CL6-2021.03 email"]
[Site "IECC email"]
[Date "2021.11.03"]
[Round "?"]
[White "Humphreys, Bill"]
[Black "Carter, Tony"]
[Result "1-0"]
[WhiteElo "1313"]
[BlackElo "1090"]
[PlyCount "75"]
[EventDate "2021.??.??"]
[EventType "tourn (corr)"]
[EventRounds "4"]
[SourceTitle "Corr 2024"]
[Source "ChessBase"]
[SourceDate "2023.10.19"]
[SourceVersion "1"]
[SourceVersionDate "2023.10.19"]
[SourceQuality "1"]
[WhiteTeam "Vereinigte Staaten"]
[BlackTeam "England"]
[WhiteTeamCountry "USA"]
[BlackTeamCountry "ENG"]

1. d4 Nf6 2. Bf4 d5 3. e3 e6 4. Bd3 c5 5. c3 Nc6 6. Nd2 Be7 7. Ngf3 Qb6 8. Qb3 c4 9. Qxb6 axb6 10. Bc2 b5 11. h3 b4 12. 0-0 Ne4 13. Nxe4 dxe4 14. Bxe4 f6 15. Nd2 e5 16. Bh2 exd4 17. exd4 f5 18. Bd5 bxc3 19. bxc3 Ra3 20. Nxc4 Rxc3 21. Rfe1 Kd8 22. Bxc6 Rxc4 23. Bb5 Rxd4 24. Rad1 Bf6 25. Rxd4+ Bxd4 26. Rd1 Ke7 27. Rxd4 Rd8 28. Rxd8 Kxd8 29. Be5 Bd7 30. Bxd7 Kxd7 31. Bxg7 b5 32. a3 Ke6 33. f4 Kf7 34. Be5 h5 35. Kf2 Ke6 36. Kf3 Kd5 37. g4 hxg4+ 38. hxg4 1-0

[Event "IECC O-3373"]
[Site "IECC email"]
[Date "2011.10.13"]
[Round "?"]
[White "Carter, Tony"]
[Black "Kellaway, Ted"]
[Result "0-1"]
[WhiteElo "952"]
[BlackElo "1158"]
[PlyCount "36"]
[EventDate "2011.??.??"]
[EventType "swiss (corr)"]
[EventRounds "2"]
[SourceTitle "Telechess CBM 149"]
[Source "ChessBase"]
[SourceDate "2012.07.17"]
[SourceVersion "1"]
[SourceVersionDate "2012.07.17"]
[SourceQuality "1"]
[WhiteTeam "England"]
[BlackTeam "South Africa"]
[WhiteTeamCountry "ENG"]
[BlackTeamCountry "RSA"]

1. e4 e5 2. Nf3 Nc6 3. c3 Nf6 4. Bd3 d5 5. exd5 Nxd5 6. Be4 Nf4 7. 0-0 Bg4 8. Re1 Bd6 9. b3 0-0 10. Ba3 Qd7 11. Bxd6 cxd6 12. d4 Rae8 13. g3 Nh3+ 14. Kg2 f6 15. Qd3 f5 16. Bd5+ Kh8 17. dxe5 dxe5 18. Bxc6 Qxd3 0-1

[Event "IECC O-3129"]
[Site "IECC email"]
[Date "2010.04.15"]
[Round "?"]
[White "Carter, Tony"]
[Black "Pohlabeln, Lutz"]
[Result "0-1"]
[WhiteElo "994"]
[BlackElo "998"]
[PlyCount "34"]
[EventDate "2010.??.??"]
[EventType "swiss (corr)"]
[EventRounds "2"]
[SourceTitle "Corr 2013"]
[Source "ChessBase"]
[SourceDate "2012.11.12"]
[SourceVersion "1"]
[SourceVersionDate "2012.11.12"]
[SourceQuality "1"]
[WhiteTeam "South Africa"]
[BlackTeam "Peru"]
[WhiteTeamCountry "RSA"]
[BlackTeamCountry "PER"]

1. e4 e5 2. Nf3 Nc6 3. c3 Nf6 4. Bd3 d5 5. exd5 Qxd5 6. Be2 Bc5 7. c4 Qd6 8. d3 Bf5 9. Be3 0-0-0 10. Bxc5 Qxc5 11. Ng5 Rd7 12. Nd2 h6 13. Ngf3 Bxd3 14. b3 e4 15. Bxd3 Rxd3 16. Ke2 Rhd8 17. Nxe4 Nxe4 0-1

[Event "IECC O-2837"]
[Site "IECC email"]
[Date "2008.09.27"]
[Round "?"]
[White "Carter, Tony"]
[Black "Stringer Lester, Della Diane"]
[Result "1-0"]
[WhiteElo "958"]
[BlackElo "1046"]
[PlyCount "85"]
[EventDate "2008.??.??"]
[EventType "swiss (corr)"]
[EventRounds "2"]
[SourceTitle "Corr 2011"]
[Source "ChessBase"]
[SourceDate "2010.08.31"]
[SourceVersion "1"]
[SourceVersionDate "2010.08.31"]
[SourceQuality "1"]
[WhiteTeam "England"]
[BlackTeam "US of America"]
[WhiteTeamCountry "ENG"]
[BlackTeamCountry "USA"]

1. e4 e5 2. Nf3 Nc6 3. c3 Nf6 4. d4 d5 5. Nbd2 dxe4 6. dxe5 exf3 7. exf6 Qd5 8. Qxf3 Qe5+ 9. Qe4 Bf5 10. Qxe5+ Nxe5 11. fxg7 Bxg7 12. f4 Nd3+ 13. Bxd3 Bxd3 14. Nf3 0-0-0 15. Kf2 Rhe8 16. Re1 c5 17. Rxe8 Rxe8 18. Be3 b6 19. Re1 Re6 20. Ng5 Rh6 21. Bd2 Bg6 22. b4 c4 23. b5 f5 24. a4 Rxh2 25. Re7 Bf6 26. Rxa7 h6 27. Nh7 Bxh7 28. Rxh7 Rh1 29. Kf3 Rd1 30. Rxh6 Rxd2 31. Rxf6 Rd3+ 32. Kf2 Rxc3 33. Rxb6 Kd7 34. Rc6 Rc2+ 35. Kg3 c3 36. a5 Rc1 37. a6 c2 38. a7 Ra1 39. Kh4 c1Q 40. Rxc1 Rxa7 41. b6 Ra8 42. b7 Rb8 43. Rb1 1-0

[Event "IECC O-2390"]
[Site "IECC email"]
[Date "2006.04.25"]
[Round "?"]
[White "Carter, Tony"]
[Black "Smeulders, Thomas"]
[Result "0-1"]
[WhiteElo "989"]
[BlackElo "823"]
[PlyCount "38"]
[EventDate "2006.??.??"]
[EventType "swiss (corr)"]
[EventRounds "2"]
[SourceTitle "Corr 2020"]
[Source "ChessBase"]
[SourceDate "2019.09.30"]
[SourceVersion "1"]
[SourceVersionDate "2019.09.30"]
[SourceQuality "1"]
[WhiteTeam "England"]
[BlackTeam "Belgium"]
[WhiteTeamCountry "ENG"]
[BlackTeamCountry "BEL"]

1. e4 d5 2. Nc3 c6 3. f3 Nf6 4. d3 Nbd7 5. Be3 h6 6. Qd2 e5 7. g4 d4 8. Bxd4 exd4 9. Nce2 c5 10. 0-0-0 g5 11. c3 Nb6 12. cxd4 cxd4 13. e5 Nfd5 14. Nxd4 Bc5 15. Nge2 0-0 16. Nc2 Be6 17. d4 Be7 18. b3 a5 19. Qe3 Nxe3 0-1

[Event "IECC O-2190"]
[Site "IECC email"]
[Date "2005.04.06"]
[Round "?"]
[White "Carter, Tony"]
[Black "Yeargin, Tommy"]
[Result "0-1"]
[WhiteElo "1016"]
[BlackElo "996"]
[PlyCount "94"]
[EventDate "2005.??.??"]
[EventType "swiss (corr)"]
[EventRounds "2"]
[SourceTitle "Corr 2020"]
[Source "ChessBase"]
[SourceDate "2019.09.30"]
[SourceVersion "1"]
[SourceVersionDate "2019.09.30"]
[SourceQuality "1"]
[WhiteTeam "England"]
[BlackTeam "United States"]
[WhiteTeamCountry "ENG"]
[BlackTeamCountry "USA"]

1. e4 e5 2. Nf3 Nc6 3. d3 Nf6 4. c3 d5 5. exd5 Qxd5 6. d4 Bg4 7. Nbd2 exd4 8. c4 Qe6+ 9. Qe2 Rd8 10. Qxe6+ Bxe6 11. b3 Nb4 12. Kd1 Ng4 13. Ne4 f5 14. Bg5 fxe4 15. Bxd8 Nxf2+ 16. Ke1 Nxh1 17. Nxd4 Bd7 18. Bxc7 Bc5 19. Rd1 Bxd4 20. Ba5 Nxa2 21. Rxd4 b6 22. Rxe4+ Kd8 23. Bd2 Rf8 24. Re2 Bg4 25. Bg5+ Kc8 26. Rxa2 Re8+ 27. Be2 h6 28. Bc1 h5 29. b4 Rf8 30. Be3 Re8 31. Kd2 Rd8+ 32. Kc3 Bxe2 33. Rxe2 Rf8 34. Re1 Nf2 35. Bxf2 Rxf2 36. Rg1 Kc7 37. h4 Kc6 38. g4 Rf3+ 39. Kd2 Rf4 40. gxh5 Rxc4 41. Rc1 Rxc1 42. Kxc1 Kb5 43. Kb2 Kxb4 44. Ka2 Kc3 45. Ka3 a5 46. Ka4 Kb2 47. h6 gxh6 0-1